| 000 | 00389nam a2200145Ia 4500 | ||
|---|---|---|---|
| 008 | 150128s9999 xx 000 0 und d | ||
| 020 | _a014062032X | ||
| 050 |
_aCLA _bV58a 1994 |
||
| 100 | _aVerne, Jules. | ||
| 245 | _aAround the world In eighty days / | ||
| 250 | _aJules Verne. | ||
| 260 |
_aNew York: _bPenguin Books, _c1994. |
||
| 300 |
_a245 pages : _c18 cm. |
||
| 650 | _xFiction. | ||
| 999 |
_c278900 _d278900 |
||